000 01030 a2200241 4500
001 21558
005 20260407155506.0
008 260407a2013 arg spa d
003 AR-UNSa-BCEJYS
040 _aAR-UNSa-BCEJYS
_bspa
_cAR-UNSa-BCEJYS
080 _a657(083)
_xResoluciones Técnicas Contables. Informes
245 1 0 _aResoluciones técnicas y otros pronunciamientos de la FACPCE sobre contabilidad, auditoría y sindicatura
020 _a978-987-03-2470-6
264 1 _aBuenos Aires :
_bLa Ley
_c2013
300 _axxx, 1090 p.
_c24 cm.
505 _a1. Introducción - 2. Resoluciones técnicas - 3. Interpretaciones de resoluciones técnicas de contabilidad y auditoría - 4. Resoluciones de la junta de gobierno - 5. Circulares de adopción de las NIIF
942 _cBK
590 _aniveau_biblio:m niveau_hierar:0
100 1 _aFowler Newton, Enrique
650 _aNIIF
856 4 1 _uhttps://biblioeco.unsa.edu.ar/pmb/images/libros/Resoluciones Tecnicas2.jpg
_yImagen de portada
_qimage/jpeg
650 _a niif
999 _c822
_d822